| 000 | 00951nam a2200205 a 4500 | ||
|---|---|---|---|
| 999 |
_c488309 _d488309 |
||
| 003 | BLK | ||
| 005 | 20231207093530.0 | ||
| 008 | 230117b bu |||gr|||| 00| 0 bu d | ||
| 020 | _a9786197604191 | ||
| 040 | _aBLK | ||
| 041 |
_aBUL _cBUL |
||
| 080 |
_aБългарска литература _b821.163.2 _x-322.4(082) _z821.163.2-322.4(082) |
||
| 139 |
_aДракус, списание. Литературен конкурс Гости на Дракула (Русе ; 2021) _bГ 70 |
||
| 245 |
_aГости на Дракула _bСборник с отличени разкази от български автори, вдъхновени от Брам Стокър : конкурс на списание Дракус |
||
| 260 |
_9214217 _a[Русе] _bGaiana Book Art Studio _c[2021] _n978-619-7354- ; 978-954-92465- ; 978-954-8633- ; 978-954-903 |
||
| 300 |
_a262 с. _c21 см |
||
| 380 | _aX | ||
| 856 |
_i0.00 _ldisable |
||
| 942 |
_cKNG _n0 _s1 _013 |
||
| 944 |
_k30531 _lЦветелина Шанова |
||